Kid Leaders Quiz Stats

Quiz Updated Jan 2, 2012

Also try: Kid Presidents
Challenge
Share
Tweet
Score 0/20 Timer 05:00
2 Plays Today
world leader % Correct
Hillary Clinton
84.4%
Barack Obama
76.4%
Condoleezza Rice
66.7%
George W. Bush
65.2%
Adolf Hitler
58.4%
Margaret Thatcher
51%
Mohandas Gandhi
47.8%
Nelson Mandela
47%
Mao Zedong
41.3%
Joseph Stalin
36.7%
world leader % Correct
Hirohito
34.8%
Vladimir Putin
34.2%
Winston Churchill
31.6%
Tony Blair
31.5%
Fidel Castro
17.5%
David Cameron
11.5%
Saddam Hussein
11.3%
Mother Teresa
7.8%
Joseph Ratzinger
6.6%
Yasser Arafat
6.4%

You're not logged in!

Compare scores with friends on all Sporcle quizzes.
Sign Up with Email
OR
Log In

You Might Also Like...

Show Comments

Extras

Top Quizzes Today


Score Distribution

Your Account Isn't Verified!

In order to create a playlist on Sporcle, you need to verify the email address you used during registration. Go to your Sporcle Settings to finish the process.

Report this User

Report this user for behavior that violates our Community Guidelines.

Details: